00621nam a2200193Ia 4500008004100000020001400041082001500055100002200070245002200092250000800114260004500122300002900167500001900196600002100215650005000236942000700286952011700293999001700410240925s9999 xx 000 0 und d a132280298 a003.75 KHA aKhalil ,Hassan K. 0aNonlinear Systems a2nd aNew Jersey:bPrintice- Hall Int.c,1996. axvii,619p.bN.AfPirated aIncludes Index aComputer Science aComputer science, information & general works cBK 001040708CSaUITUbUITUd2010-07-30eF.B.Cg850.00l0o003.75 KHApQ8307r2024-09-25 07:14:54w2024-09-25yBK c10806d10806